000 00300nam a22001337a 4500
008 170608b xxu||||| |||| 00| 0 eng d
020 _a2900618918071
041 _aeng
080 _25TH
_a32
100 _a18
101 _aSHP
245 _aAMERICAN FOREIGN POLICY
_cIKENBERRY,G.J
942 _2udc
_cBK
999 _c16423
_d16423